|
|
|
|
| LEADER |
00000nab a2200000 a 4500 |
| 001 |
vtls000745355 |
| 003 |
SK-MaSNL |
| 005 |
20260303195629.0 |
| 008 |
140416c2000 xo 0 slo |
| 015 |
|
|
|a SNBRB2001/01-04173
|
| 035 |
|
|
|a CLN000097189
|
| 040 |
|
|
|a SNKBUCL
|b slo
|c SNKBUCL
|e AACR2
|
| 041 |
0 |
|
|a slo
|
| 044 |
|
|
|a xo
|c SK
|
| 080 |
|
|
|a 792.2
|2 1997
|
| 080 |
|
|
|a 792.077(437.6)
|2 1997
|
| 100 |
1 |
|
|a Dlouhý, Oleg,
|d 1951-2014
|4 aut
|9 103456
|
| 245 |
1 |
0 |
|a Snehová kráľovná
|c Oleg Dlouhý
|
| 600 |
1 |
7 |
|a Andersen, Hans Christian,
|d 1805-1875
|t Snehová kráľovná
|2 snkbucl
|9 925427
|
| 610 |
2 |
7 |
|a Divadlo M (Púchov, Slovensko)
|2 snkbucl
|9 74918
|
| 650 |
0 |
7 |
|a činohry
|2 snkbucl
|9 3325
|
| 650 |
0 |
7 |
|a divadelné inscenácie
|2 snkbucl
|9 3326
|
| 655 |
|
7 |
|a recenzie
|2 snkbucl
|9 21907
|
| 655 |
|
7 |
|a články z novín a časopisov
|2 snkbucl
|9 267496
|
| 773 |
0 |
|
|t Javisko
|g Roč. 32, č. 12 (2000), s. 6
|x 0323-2883
|
| 850 |
|
|
|a Slovenská národná knižnica v Martine
|
| 852 |
|
|
|a SNK
|b KIS3GCP
|
| 992 |
|
|
|a RBX
|
| 999 |
|
|
|c 2163821
|d 2165751
|